000 00711nam a22002177a 4500
008 220825b |||||||| |||| 00| 0 eng d
020 _a9781844038060
040 _beng
_cCUZ
_erda
050 _aBJ1012
_bCOH
100 1 _aDr Cohen, Martin
245 _aCracking Philosophy :
_byou, this book and 3000 years of thought /
_cby Dr Martin Cohen.
264 _aLondon :
_bOctopus Publishing,
_cc2016
300 _a400pages,
_bcolour illustrations, plates ;
_c18cm.
336 _atext
_btxt
337 _aunmediated
_bn
338 _2rdacarrier
650 0 4 _aPhilosophy- ethics
650 0 4 _aPhilosphy and Religion
942 _cOS
999 _c44537
_d44537